000 00347nam a2200133Ia 4500
008 230411s9999 xx 000 0 und d
041 _aeng
082 _aP/610.7365/GHA/B05755
100 _aGhai O P
245 _aEssential Pediatrics
260 _bCBS Publishers & Distributors
_aNew Delhi
_c2004
300 _a720p
999 _c156242
_d156242